000 00998nas a2200265 4500
001 BR8601463
003 BR-BrBNA
005 20231205090407.0
007 ta
008 230509b bl.|||p| |||| 00| 00por d
040 _aBR-BrBNA
_bpor
_cBiblioteca Nacional de Agricultura
041 _a(Pt)
072 _aH20
100 1 _aSanhueza, R.M.V.
100 1 _aBalmer, E.
245 1 _aLevantamento de fungos associados a podridao de raizes de cana-de-acucar na regiao de Campos, Rio de Janeiro [Saccharum officinarum, Curvularia, Pythium, Fusarium, Rhizoctonia, Trichoderma]
_bParte de tese
246 1 _aFungi associated with sugarcane root rot in Campos, Rio de Janeiro [Trichoderma]
_bPart of thesis
650 _aCANA DE ACUCAR
650 _aPODRIDAO DA RAIZ
650 _aFUNGO
650 _aRIO DE JANEIRO
773 0 _tFitopatologia Brasileira (Brazil)
_xISSN 0100-4158
_g(Oct 1985), v. 10(3) p. 505-513
_wBR8601463
909 _a202311
_bLúcia
_c55
_dLúcia Elande
942 _2AGRIS
_n0
_cANA
999 _c118121
_d118121